Introduction to Neural Network; (Record no. 5274)

MARC details
000 -LEADER
fixed length control field 00505nam a22001937a 4500
003 - CONTROL NUMBER IDENTIFIER
control field OSt
005 - DATE AND TIME OF LATEST TRANSACTION
control field 20160922135224.0
008 - FIXED-LENGTH DATA ELEMENTS--GENERAL INFORMATION
fixed length control field 160922b xxu||||| |||| 00| 0 eng d
020 ## - INTERNATIONAL STANDARD BOOK NUMBER
International Standard Book Number 0333618327
040 ## - CATALOGING SOURCE
Transcribing agency DDC.
082 ## - DEWEY DECIMAL CLASSIFICATION NUMBER
Classification number WL 102.2P58 1994.
100 ## - MAIN ENTRY--PERSONAL NAME
Personal name Picton,Phil;
9 (RLIN) 11102
245 ## - TITLE STATEMENT
Title Introduction to Neural Network;
260 ## - PUBLICATION, DISTRIBUTION, ETC. (IMPRINT)
Place of publication, distribution, etc. London;
Name of publisher, distributor, etc. Macmillan Press Ltd.
Date of publication, distribution, etc. 1994.
300 ## - PHYSICAL DESCRIPTION
Extent viii,168p;
Other physical details ill;
Dimensions 23cm,
504 ## - BIBLIOGRAPHY, ETC. NOTE
Bibliography, etc includes references.
650 ## - SUBJECT ADDED ENTRY--TOPICAL TERM
Topical term or geographic name as entry element Medicine.
9 (RLIN) 324
942 ## - ADDED ENTRY ELEMENTS (KOHA)
Source of classification or shelving scheme Other/Generic Classification Scheme
Koha item type Open Shelf
Holdings
Withdrawn status Lost status Source of classification or shelving scheme Damaged status Not for loan Home library Current library Date acquired Source of acquisition Inventory number Total Checkouts Full call number Barcode Date last seen Price effective from Koha item type
    Other/Generic Classification Scheme     MUST Main Library MUST Main Library 22/09/2016   2002/16796   WL 102.2P58 1994. 2016-4469 22/09/2016 22/09/2016 Open Shelf
    Other/Generic Classification Scheme     MUST Main Library MUST Main Library 22/09/2016   2002/16794   WL 102.2P58 1994. 2016-4470 22/09/2016   Open Shelf
    Other/Generic Classification Scheme     MUST Main Library MUST Main Library 22/09/2016   2002/16793   WL 102.2P58 1994. 2016-4471 22/09/2016   Open Shelf
    Other/Generic Classification Scheme     MUST Main Library MUST Main Library 22/09/2016   2002/16795   WL 102.2P58 1994. 2016-4472 22/09/2016   Open Shelf